La orgía perpetua : Flaubert y "Madame Bovary" /
Guardado en:
| Autor Principal: | |
|---|---|
| Formato: | Libro |
| Idioma: | Spanish |
| Publicado: |
Barcelona :
Taurus,
1975.
|
| Materias: | |
| Etiquetas: |
Agregar Etiqueta
Sin Etiquetas, Sea el primero en etiquetar este registro!
|
| LEADER | 00720nam a22002295a 4500 | ||
|---|---|---|---|
| 001 | EHU.bham040083 | ||
| 008 | 750904s1975####sp#######b####000#0#spa#d | ||
| 005 | 20240809081101.0 | ||
| 245 | 1 | 0 | |a La orgía perpetua : |b Flaubert y "Madame Bovary" / |c Mario Vargas Llosa. |
| 260 | |a Barcelona : |b Taurus, |c 1975. | ||
| 300 | |a 277 p. | ||
| 020 | |a 8432230634 | ||
| 100 | 1 | |a Vargas Llosa, Mario, 1936- | |
| 082 | 8 | 4 | |a 843.807 |
| 600 | 1 | 4 | |a Flaubert, Gustavo, 1821-1880. Madame Bovary. |
| 653 | |a Crítica literaria | ||
| 653 | |a Literatura francesa-estudios | ||
| 653 | |a Novela francesa-estudios | ||
| 653 | |a Colección llull | ||
| 010 | |a 75512333 | ||
| 859 | |a AR-BHAM |b BIB. HUMANIDADES - General |h 843.807 |i V426 |p 429.09 |t Ej.1 | ||
